Lanean...

ULLAGHARAGHAVA NATAKA

Xehetasun bibliografikoak
Egile nagusia: SOMESVARADEVA
Formatua: Printed Book
Argitaratua: BARODA ORIENTAL INSTITUTE 1961
Gaiak:
LEADER 00406nam a2200169 4500
020
082
100 |a SOMESVARADEVA 
245 |a ULLAGHARAGHAVA NATAKA  |h SANSKRIT 
250
260 |a BARODA  |b ORIENTAL INSTITUTE  |c 1961 
300 |f HB 
650 |a ULLAGHARAGHAVA NATAKA 
700
942 |c BK 
999 |c 160057  |d 160057 
952 |0 0  |1 0  |4 0  |7 0  |9 173514  |a ORI  |b ORI  |l 0  |p ORIS1832  |r 2019-10-25  |w 2019-10-25  |y BK